Φασματικό θεώρημα για συμπαγείς φυσιολογικούς τελεστές : μεταπτυχιακή εργασία

Μια εισαγωγή στη θεωρία τελεστών σε χώρους Hilbert.Απόδειξη του Φασματικού θεωρήματος για συμπαγείς, φυσιολογικούς τελεστές.

Αποθηκεύτηκε σε:
Λεπτομέρειες βιβλιογραφικής εγγραφής
Κύριος συγγραφέας: Χριστοφάκη, Τριανταφυλλιά
Συγγραφή απο Οργανισμό/Αρχή: Πανεπιστήμιο Αιγαίου. Σχολή Θετικών Επιστημών. Τμήμα Μαθηματικών. Μεταπτυχιακό Πρόγραμμα Σπουδών Μαθηματική Μοντελοποίηση στις Φυσικές Επιστήμες και στις Σύγχρονες Τεχνολογίες
Μορφή: Thesis Βιβλίο
Γλώσσα:Greek
Δημοσίευση: 2012.
Θέματα:
Διαθέσιμο Online:http://hdl.handle.net/11610/12199
Ετικέτες: Προσθήκη ετικέτας
Δεν υπάρχουν, Καταχωρήστε ετικέτα πρώτοι!

MARC

LEADER 00000cam a2200000 i 4500
001 1/18998
008 120426s2012 gr | ||| |||| ||gre||
035 |l 10112272 
040 |a GR-MyUA  |b gre  |e AACR2 
041 0 |a gre 
082 0 |a 515.724  |2 (22) 
100 1 |a Χριστοφάκη, Τριανταφυλλιά. 
245 1 0 |a Φασματικό θεώρημα για συμπαγείς φυσιολογικούς τελεστές :   |b μεταπτυχιακή εργασία /   |c Τριανταφυλλιά Χριστοφάκη ; επιβλέπων καθηγητής Μιχάλης Ανούσης.  
260 |c 2012.  
300 |a iv, 61 σ. ;   |c 30 εκ.  
500 |a Μέλη της εξεταστικής επιτροπής: Μ. Ανούσης, Ν. Καραχάλιος, Α. Παπασαλούρος.  
502 |a Διατριβή (μεταπτυχιακή) – Πανεπιστήμιο Αιγαίου, Σάμος, 2012. 
504 |a Βιβλιογραφία: σ. 61.  
506 0 |a Διάθεση πλήρους κειμένου - Ελεύθερη πρόσβαση.  
520 |a Μια εισαγωγή στη θεωρία τελεστών σε χώρους Hilbert.Απόδειξη του Φασματικού θεωρήματος για συμπαγείς, φυσιολογικούς τελεστές. 
520 |a An introduction in operator theory at Hilbert spaces. Proof of spectral theorem for compact, normal operators. 
540 |a Κλειδωμένη η δυνατότητα αντιγραφής (copy) του κειμένου.  
610 2 0 |a University of the Aegean  |x Dissertations. 
650 0 0 |a Operator theory. 
650 0 0 |a Spectral theory (Mathematics) 
650 0 0 |a Hilbert space. 
650 0 0 |a Banach spaces. 
650 0 0 |a Dissertations, Academic  |z Greece. 
700 1 |a Ανούσης, Μιχάλης,  |e dgs 
710 2 |a Πανεπιστήμιο Αιγαίου.   |b Σχολή Θετικών Επιστημών.   |b Τμήμα Μαθηματικών.   |b Μεταπτυχιακό Πρόγραμμα Σπουδών Μαθηματική Μοντελοποίηση στις Φυσικές Επιστήμες και στις Σύγχρονες Τεχνολογίες. 
852 |a INST  |b SAMOS  |c DIATR  |e 20120426  |h 515.724 ΧΡΙ  |p 005300033851  |q 005300033851  |t MTXE  |y 23 
852 |a INST  |b SAMOS  |c DIATR  |e 20120426  |h 515.724 ΧΡΙ  |p 005300033852  |q 005300033852  |t MTXE  |y 23 
856 |u http://hdl.handle.net/11610/12199 
901 |a BIBL3-2012-1 
909 |a Σ  |b 172231 
909 |a Σ  |b 172232 
924 |a ΧΡΙΣΤΟΦΑΚΗ  |b ΤΡΙΑΝΤΑΦΥΛΛΙΑ  |y Σάμος  |z 2012-03 
970 |a ΚΟΣΙΕΡΗΣ  |b ΧΡΗΣΤΟΣ  |z 2012/04/26